Physical science : (Record no. 276808)
[ view plain ]
| 000 -LEADER | |
|---|---|
| fixed length control field | 00439nam a22001457a 4500 |
| 005 - DATE AND TIME OF LATEST TRANSACTION | |
| control field | 20141119103319.0 |
| 008 - FIXED-LENGTH DATA ELEMENTS--GENERAL INFORMATION | |
| fixed length control field | 141119b xxu||||| |||| 00| 0 eng d |
| 050 ## - LIBRARY OF CONGRESS CALL NUMBER | |
| Classification number | Q 161.2 |
| Item number | .P578 2008 |
| 245 ## - TITLE STATEMENT | |
| Title | Physical science : |
| Remainder of title | an introduction / |
| 260 ## - PUBLICATION, DISTRIBUTION, ETC. (IMPRINT) | |
| Place of publication, distribution, etc | Philippines : |
| Name of publisher, distributor, etc | Mc-Graw Hill Primis, |
| Date of publication, distribution, etc | c2008. |
| 300 ## - PHYSICAL DESCRIPTION | |
| Extent | 452 pages : |
| Other physical details | illustrations ; |
| Dimensions | 25 cm. |
| 521 ## - TARGET AUDIENCE NOTE | |
| Target audience note | General Education |
| 650 ## - SUBJECT ADDED ENTRY--TOPICAL TERM | |
| Topical term or geographic name as entry element | Physical Science. |
| 942 ## - ADDED ENTRY ELEMENTS (KOHA) | |
| Source of classification or shelving scheme | Library of Congress Classification |
| Koha item type | Books |
| Call number prefix | Local |
| Withdrawn status | Lost status | Source of classification or shelving scheme | Damaged status | Home library | Current library | Shelving location | Date acquired | Source of acquisition | Sub Shelving location | Total Checkouts | Full call number | Barcode | Date last seen | Price effective from | Koha item type |
|---|---|---|---|---|---|---|---|---|---|---|---|---|---|---|---|
| Library of Congress Classification | College Library | College Library | General Circulation Section | 11/19/2014 | Library Fund | Q 161.2 .P578 2008 | C18925 | 05/15/2018 | 11/19/2014 | Books |